00621nam a2200181Ia 4500001000700000003000500007008004100012010001100053040000900064100003400073245012000107260004100227300001100268440000500279502007600284503000500360650007400365Z_4765CHAP220113s1996 xx 000 0 und d a167816 cCHAP aSánchez Velázquez, German aDiseño y equipamiento de instalaciones cunícolas /cpor German Sánchez Velázquez y Alejandro Vaquero Vera aChapingo, Méx. :bEl autor,c1996 a121 p. a aTesis (Ing. Agr. Esp. en Zootecnia) -- UACH. Departamento de Zootecnia a aConejosxJaulas y equipos I. Z. II. t. III. Vaquero Vera, Alejandro